000 003110000a22000970004500
100 1 _aWesselius, J. W.
245 1 0 _aJoab's death and the central theme of the succession narrative (2 Samuel 9:1-1, Kings 2)
300 _aVol. 40, Num. 3 (Julio, 1990), Páginas 336-351
773 0 _tVetus Testamentum
942 _cANA
999 _c57632
_d57632